000 00758nam a22002537a 4500
003 UA-OsUOA
001 57778
007 ta
008 20060903b un ||||| |||| 00| 0 ukr d
100 _aАрхієпископ Андрей
090 _a28(091)
_bА87
942 _cBK
040 _aUA-OsUOA
_bukr
_cUA-OsUOA
_dUA-OsUOA
245 _aВід Єрусалиму починаючи
300 _a81 с.
955 _a1
041 _aukr
080 _a28(091)
260 _aВінніпег
_bВолинь
_c1980
246 3 1 _aПравославіє, Римо-католицтво,протестанство
_n
250 _nВид 2-ге
650 7 _a28 Християнські церкви, секти, конфесії
_2UDC
999 _c343874
_d343874